[Event "DEM U16 2024"]
[Site "Willingen GER"]
[Date "2024.05.20"]
[Round "3"]
[White "Lübke, Florentin"]
[Black "Oldenburg, Max Leonard"]
[Result "1-0"]
[Termination "normal"]
[Board "9"]
[WhiteElo "2207"]
[BlackElo "1753"]
[WhiteClock "00:25:22"]
[BlackClock "00:18:00"]
[PlyCount "117"]
[WhiteFideId "16281799"]
[BlackFideId "34660348"]
[EventCountry "GER"]
[EventRounds "9"]
[EventType "swiss"]
[EventDate "2024.05.18"]

1. e4 {[%clk 01:30:57]} {[%emt 00:00:02]} c6 {[%clk 01:31:00]} {[%emt
00:00:01]} 2. d4 {[%clk 01:31:20]} {[%emt 00:00:07]} d5 {[%clk 01:31:29]}
{[%emt 00:00:01]} 3. Nc3 {[%clk 01:31:43]} {[%emt 00:00:07]} dxe4 {[%clk
01:31:55]} {[%emt 00:00:04]} 4. Nxe4 {[%clk 01:32:05]} {[%emt 00:00:08]} Bf5
{[%clk 01:32:21]} {[%emt 00:00:03]} 5. Ng3 {[%clk 01:32:26]} {[%emt 00:00:09]}
Bg6 {[%clk 01:32:50]} 6. Nf3 {[%clk 01:32:40]} {[%emt 00:00:17]} Nd7 {[%clk
01:33:13]} {[%emt 00:00:08]} 7. Bc4 {[%clk 01:32:47]} {[%emt 00:00:22]} e6
{[%clk 01:33:26]} {[%emt 00:00:18]} 8. O-O {[%clk 01:32:56]} {[%emt 00:00:20]}
Bd6 {[%clk 01:33:33]} {[%emt 00:00:23]} 9. Re1 {[%clk 01:32:53]} {[%emt
00:00:32]} Ngf6 {[%clk 01:32:53]} {[%emt 00:01:11]} 10. Ne5 {[%clk 01:32:56]}
{[%emt 00:00:27]} Qc7 {[%clk 01:32:38]} {[%emt 00:00:42]} 11. Qe2 {[%clk
01:33:08]} {[%emt 00:00:21]} O-O {[%clk 01:30:59]} {[%emt 00:02:09]} 12. h4
{[%clk 01:32:59]} {[%emt 00:00:38]} Rae8 {[%clk 01:21:14]} {[%emt 00:10:15]}
13. h5 {[%clk 01:16:09]} {[%emt 00:17:20]} Bf5 {[%clk 01:21:35]} {[%emt
00:00:09]} 14. h6 {[%clk 00:54:12]} {[%emt 00:22:27]} g6 {[%clk 01:18:44]}
{[%emt 00:03:21]} 15. Bf4 {[%clk 00:39:44]} {[%emt 00:14:57]} Nd5 {[%clk
01:07:54]} {[%emt 00:11:20]} 16. Bxd5 {[%clk 00:38:58]} {[%emt 00:01:16]} cxd5
{[%clk 01:08:18]} {[%emt 00:00:06]} 17. Nxd7 {[%clk 00:36:23]} {[%emt
00:03:05]} Qxd7 {[%clk 01:07:18]} {[%emt 00:01:30]} 18. Bxd6 {[%clk 00:35:43]}
{[%emt 00:01:10]} Qxd6 {[%clk 01:07:47]} {[%emt 00:00:02]} 19. Qd2 {[%clk
00:28:53]} {[%emt 00:07:19]} Qe7 {[%clk 00:48:01]} {[%emt 00:20:18]} 20. Nxf5
{[%clk 00:21:30]} {[%emt 00:07:52]} gxf5 {[%clk 00:48:29]} {[%emt 00:00:02]}
21. Qf4 {[%clk 00:21:10]} {[%emt 00:00:49]} Qf6 {[%clk 00:45:29]} {[%emt
00:03:30]} 22. Re3 {[%clk 00:19:43]} {[%emt 00:01:57]} Kh8 {[%clk 00:45:14]}
{[%emt 00:00:45]} 23. Ra3 {[%clk 00:16:47]} {[%emt 00:03:25]} a6 {[%clk
00:45:00]} {[%emt 00:00:45]} 24. Rb3 {[%clk 00:16:47]} {[%emt 00:00:30]} Re7
{[%clk 00:43:27]} {[%emt 00:02:02]} 25. Rd1 {[%clk 00:14:36]} {[%emt 00:02:42]}
Rd7 {[%clk 00:39:42]} {[%emt 00:04:14]} 26. Rdd3 {[%clk 00:14:45]} {[%emt
00:00:22]} Qe7 {[%clk 00:27:30]} {[%emt 00:12:41]} 27. Re3 {[%clk 00:14:07]}
{[%emt 00:01:08]} Qf6 {[%clk 00:21:12]} {[%emt 00:06:47]} 28. a4 {[%clk
00:14:07]} {[%emt 00:00:33]} Rc8 {[%clk 00:15:50]} {[%emt 00:05:51]} 29. Rec3
{[%clk 00:13:47]} {[%emt 00:00:49]} Rf8 {[%clk 00:14:56]} {[%emt 00:01:25]} 30.
Rg3 {[%clk 00:12:00]} {[%emt 00:02:16]} Rc8 {[%clk 00:12:36]} {[%emt 00:02:50]}
31. Rbc3 {[%clk 00:12:10]} {[%emt 00:00:21]} Rf8 {[%clk 00:11:49]} {[%emt
00:01:17]} 32. a5 {[%clk 00:10:54]} {[%emt 00:01:46]} Re7 {[%clk 00:09:47]}
{[%emt 00:02:32]} 33. Rcf3 {[%clk 00:07:30]} {[%emt 00:03:54]} Rd7 {[%clk
00:09:15]} {[%emt 00:01:03]} 34. Rg7 {[%clk 00:06:36]} {[%emt 00:01:23]} Rc8
{[%clk 00:08:13]} {[%emt 00:01:31]} 35. g4 {[%clk 00:04:23]} {[%emt 00:02:43]}
Rg8 {[%clk 00:01:41]} {[%emt 00:07:03]} 36. Rxg8+ {[%clk 00:03:42]} {[%emt
00:01:11]} Kxg8 {[%clk 00:02:10]} {[%emt 00:00:01]} 37. gxf5 {[%clk 00:02:11]}
{[%emt 00:02:01]} exf5 {[%clk 00:00:56]} {[%emt 00:01:44]} 38. Qxf5 {[%clk
00:01:07]} {[%emt 00:01:34]} Qxf5 {[%clk 00:01:25]} {[%emt 00:00:01]} 39. Rxf5
{[%clk 00:01:28]} {[%emt 00:00:09]} Rd6 {[%clk 00:01:46]} {[%emt 00:00:09]} 40.
Rg5+ {[%clk 00:01:03]} {[%emt 00:00:55]} Kf8 {[%clk 00:02:11]} {[%emt
00:00:05]} 41. Kg2 {[%clk 00:30:17]} {[%emt 00:01:17]} Ke7 {[%clk 00:30:08]}
{[%emt 00:02:33]} 42. Kg3 {[%clk 00:30:11]} {[%emt 00:00:35]} Kd7 {[%clk
00:26:04]} {[%emt 00:04:35]} 43. Rg7 {[%clk 00:27:33]} {[%emt 00:03:08]} Rxh6
{[%clk 00:25:56]} {[%emt 00:00:39]} 44. Rxf7+ {[%clk 00:27:57]} {[%emt
00:00:06]} Kc6 {[%clk 00:26:20]} {[%emt 00:00:06]} 45. Kf4 {[%clk 00:27:40]}
{[%emt 00:00:46]} Rh4+ {[%clk 00:24:23]} {[%emt 00:02:28]} 46. Ke3 {[%clk
00:28:02]} {[%emt 00:00:09]} Re4+ {[%clk 00:23:56]} {[%emt 00:00:57]} 47. Kd3
{[%clk 00:28:14]} {[%emt 00:00:16]} h5 {[%clk 00:23:43]} {[%emt 00:00:44]} 48.
Rf6+ {[%clk 00:27:38]} {[%emt 00:01:06]} Kc7 {[%clk 00:23:11]} {[%emt
00:01:03]} 49. Rf5 {[%clk 00:27:38]} {[%emt 00:00:30]} h4 {[%clk 00:20:54]}
{[%emt 00:02:46]} 50. Rxd5 {[%clk 00:27:31]} {[%emt 00:00:37]} Rf4 {[%clk
00:21:14]} {[%emt 00:00:09]} 51. Ke3 {[%clk 00:27:34]} {[%emt 00:00:28]} Rf6
{[%clk 00:16:03]} {[%emt 00:05:42]} 52. Rh5 {[%clk 00:27:08]} {[%emt 00:00:55]}
Re6+ {[%clk 00:16:25]} {[%emt 00:00:08]} 53. Kd3 {[%clk 00:26:56]} {[%emt
00:00:41]} Rf6 {[%clk 00:16:53]} {[%emt 00:00:03]} 54. Rxh4 {[%clk 00:26:08]}
{[%emt 00:01:18]} Rxf2 {[%clk 00:17:20]} {[%emt 00:00:04]} 55. Rh6 {[%clk
00:25:22]} {[%emt 00:01:16]} Rf5 {[%clk 00:17:28]} {[%emt 00:00:22]} 56. b4
{[%clk 00:25:40]} {[%emt 00:00:13]} Rf3+ {[%clk 00:17:42]} {[%emt 00:00:16]}
57. Kc4 {[%clk 00:26:00]} {[%emt 00:00:11]} Re3 {[%clk 00:17:58]} {[%emt
00:00:14]} 58. Rh7+ {[%clk 00:25:58]} {[%emt 00:00:31]} Kc8 {[%clk 00:18:00]}
{[%emt 00:00:28]} 59. d5 {[%clk 00:25:22]} {[%emt 00:01:06]} 1-0

[Event "DEM U16 2024"]
[Site "Willingen GER"]
[Date "2024.05.20"]
[Round "3"]
[White "Karle, Sam"]
[Black "Mader, Fabian"]
[Result "1-0"]
[Termination "normal"]
[Board "10"]
[WhiteElo "2070"]
[BlackElo "1984"]
[WhiteClock "00:31:56"]
[BlackClock "00:07:18"]
[PlyCount "51"]
[WhiteFideId "16290089"]
[BlackFideId "16265866"]
[EventCountry "GER"]
[EventRounds "9"]
[EventType "swiss"]
[EventDate "2024.05.18"]

1. e4 {[%clk 01:30:56]} {[%emt 00:00:02]} c5 {[%clk 01:30:55]} {[%emt
00:00:06]} 2. Nf3 {[%clk 01:31:20]} {[%emt 00:00:06]} Nc6 {[%clk 01:31:18]}
{[%emt 00:00:08]} 3. d4 {[%clk 01:31:41]} {[%emt 00:00:08]} cxd4 {[%clk
01:31:39]} {[%emt 00:00:09]} 4. Nxd4 {[%clk 01:32:04]} {[%emt 00:00:06]} Nf6
{[%clk 01:32:02]} {[%emt 00:00:08]} 5. Nc3 {[%clk 01:32:27]} {[%emt 00:00:06]}
e5 {[%clk 01:32:23]} {[%emt 00:00:10]} 6. Ndb5 {[%clk 01:32:43]} {[%emt
00:00:14]} d6 {[%clk 01:32:40]} {[%emt 00:00:13]} 7. Bg5 {[%clk 01:32:59]}
{[%emt 00:00:14]} a6 {[%clk 01:32:57]} {[%emt 00:00:13]} 8. Na3 {[%clk
01:33:21]} {[%emt 00:00:07]} b5 {[%clk 01:33:21]} {[%emt 00:00:07]} 9. Nd5
{[%clk 01:33:44]} {[%emt 00:00:06]} Be7 {[%clk 01:33:45]} {[%emt 00:00:07]} 10.
Bxf6 {[%clk 01:34:07]} {[%emt 00:00:07]} Bxf6 {[%clk 01:34:09]} {[%emt
00:00:06]} 11. c3 {[%clk 01:34:11]} {[%emt 00:00:26]} Bg5 {[%clk 01:33:57]}
{[%emt 00:00:42]} 12. Nc2 {[%clk 01:34:22]} {[%emt 00:00:18]} Rb8 {[%clk
01:33:48]} {[%emt 00:00:40]} 13. a4 {[%clk 01:33:58]} {[%emt 00:00:54]} bxa4
{[%clk 01:33:50]} {[%emt 00:00:29]} 14. Rxa4 {[%clk 01:34:16]} {[%emt
00:00:12]} Rxb2 {[%clk 01:30:21]} {[%emt 00:04:00]} 15. Bxa6 {[%clk 01:34:25]}
{[%emt 00:00:21]} O-O {[%clk 01:23:29]} {[%emt 00:07:22]} 16. Bxc8 {[%clk
01:33:47]} {[%emt 00:01:08]} Qxc8 {[%clk 01:23:49]} {[%emt 00:00:11]} 17. Nce3
{[%clk 01:24:55]} {[%emt 00:09:20]} Kh8 {[%clk 01:16:17]} {[%emt 00:08:03]} 18.
O-O {[%clk 01:14:09]} {[%emt 00:11:15]} Qd7 {[%clk 01:01:48]} {[%emt 00:15:00]}
19. Ra6 {[%clk 01:02:59]} {[%emt 00:11:40]} Ne7 {[%clk 00:50:07]} {[%emt
00:12:11]} 20. Nc4 {[%clk 00:54:48]} {[%emt 00:08:41]} Qb7 {[%clk 00:24:15]}
{[%emt 00:26:22]} 21. Rxd6 {[%clk 00:38:45]} {[%emt 00:16:33]} Ra2 {[%clk
00:20:23]} {[%emt 00:04:23]} 22. Nxe5 {[%clk 00:36:22]} {[%emt 00:02:53]} Rd2
{[%clk 00:12:24]} {[%emt 00:08:29]} 23. Qh5 {[%clk 00:33:01]} {[%emt 00:03:50]}
Nxd5 {[%clk 00:08:54]} {[%emt 00:04:01]} 24. Qxg5 {[%clk 00:31:41]} {[%emt
00:01:48]} Ne3 {[%clk 00:06:53]} {[%emt 00:02:31]} 25. Rxd2 {[%clk 00:31:54]}
{[%emt 00:00:18]} Nxf1 {[%clk 00:07:18]} {[%emt 00:00:05]} 26. Rd8 {[%clk
00:31:56]} {[%emt 00:00:28]} 1-0

[Event "DEM U16 2024"]
[Site "Willingen GER"]
[Date "2024.05.20"]
[Round "3"]
[White "Wunderlich, Elias"]
[Black "Haubold, Christian"]
[Result "0-1"]
[Termination "normal"]
[Board "11"]
[WhiteElo "2007"]
[BlackElo "2051"]
[WhiteClock "00:00:34"]
[BlackClock "00:05:41"]
[PlyCount "108"]
[WhiteFideId "34608087"]
[BlackFideId "16259629"]
[EventCountry "GER"]
[EventRounds "9"]
[EventType "swiss"]
[EventDate "2024.05.18"]

1. e4 {[%clk 01:30:59]} {[%emt 05:53:13]} e5 {[%clk 01:30:55]} {[%emt
00:00:06]} 2. Nf3 {[%clk 01:31:27]} {[%emt 00:00:03]} Nc6 {[%clk 01:31:19]}
{[%emt 00:00:05]} 3. Bb5 {[%clk 01:31:52]} {[%emt 00:00:05]} a6 {[%clk
01:31:43]} {[%emt 00:00:06]} 4. Ba4 {[%clk 01:32:20]} {[%emt 00:00:02]} Nf6
{[%clk 01:32:04]} {[%emt 00:00:09]} 5. Nc3 {[%clk 01:32:49]} {[%emt 00:00:01]}
b5 {[%clk 01:31:01]} {[%emt 00:01:33]} 6. Bb3 {[%clk 01:33:17]} {[%emt
00:00:01]} Be7 {[%clk 01:29:46]} {[%emt 00:01:45]} 7. d3 {[%clk 01:33:27]}
{[%emt 00:00:20]} d6 {[%clk 01:26:48]} {[%emt 00:03:28]} 8. a3 {[%clk
01:33:53]} {[%emt 00:00:04]} Na5 {[%clk 01:18:07]} {[%emt 00:09:11]} 9. Ba2
{[%clk 01:34:22]} {[%emt 00:00:02]} c6 {[%clk 00:59:39]} {[%emt 00:18:57]} 10.
O-O {[%clk 01:19:32]} {[%emt 00:15:20]} Bg4 {[%clk 00:58:44]} {[%emt 00:01:25]}
11. h3 {[%clk 01:19:48]} {[%emt 00:00:14]} Bh5 {[%clk 00:58:18]} {[%emt
00:00:55]} 12. Ne2 {[%clk 01:03:58]} {[%emt 00:16:20]} Bxf3 {[%clk 00:54:36]}
{[%emt 00:04:12]} 13. gxf3 {[%clk 01:04:27]} {[%emt 00:00:01]} h5 {[%clk
00:40:29]} {[%emt 00:14:37]} 14. f4 {[%clk 01:04:07]} {[%emt 00:00:51]} h4
{[%clk 00:36:22]} {[%emt 00:04:37]} 15. Kh2 {[%clk 01:03:43]} {[%emt 00:00:54]}
Nh5 {[%clk 00:31:07]} {[%emt 00:05:44]} 16. Rg1 {[%clk 01:02:47]} {[%emt
00:01:27]} Bf6 {[%clk 00:28:46]} {[%emt 00:02:51]} 17. fxe5 {[%clk 01:01:32]}
{[%emt 00:01:44]} dxe5 {[%clk 00:28:09]} {[%emt 00:01:06]} 18. Be3 {[%clk
01:00:07]} {[%emt 00:01:56]} Qd6 {[%clk 00:25:40]} {[%emt 00:02:59]} 19. b4
{[%clk 00:58:15]} {[%emt 00:02:22]} Nb7 {[%clk 00:25:06]} {[%emt 00:01:04]} 20.
Rg4 {[%clk 00:56:45]} {[%emt 00:01:59]} Nd8 {[%clk 00:21:59]} {[%emt 00:03:37]}
21. Bc5 {[%clk 00:52:25]} {[%emt 00:04:50]} Qc7 {[%clk 00:21:14]} {[%emt
00:01:15]} 22. Rc1 {[%clk 00:51:31]} {[%emt 00:01:24]} Ne6 {[%clk 00:18:56]}
{[%emt 00:02:49]} 23. Bxe6 {[%clk 00:51:58]} {[%emt 00:00:03]} fxe6 {[%clk
00:19:24]} {[%emt 00:00:01]} 24. c4 {[%clk 00:51:37]} {[%emt 00:00:51]} Kf7
{[%clk 00:19:25]} {[%emt 00:00:30]} 25. Qb3 {[%clk 00:51:08]} {[%emt 00:00:58]}
Rhd8 {[%clk 00:18:20]} {[%emt 00:01:35]} 26. Rc3 {[%clk 00:42:04]} {[%emt
00:09:33]} Rd7 {[%clk 00:15:53]} {[%emt 00:02:58]} 27. Qc2 {[%clk 00:26:37]}
{[%emt 00:15:57]} Rc8 {[%clk 00:14:36]} {[%emt 00:01:47]} 28. Rb3 {[%clk
00:19:48]} {[%emt 00:07:19]} Rcd8 {[%clk 00:14:23]} {[%emt 00:00:43]} 29. Kg2
{[%clk 00:19:32]} {[%emt 00:00:45]} Qb8 {[%clk 00:13:20]} {[%emt 00:01:34]} 30.
Kf1 {[%clk 00:17:59]} {[%emt 00:02:03]} bxc4 {[%clk 00:12:25]} {[%emt
00:01:26]} 31. Qxc4 {[%clk 00:18:27]} {[%emt 00:00:01]} Qb5 {[%clk 00:12:17]}
{[%emt 00:00:38]} 32. Qxb5 {[%clk 00:10:11]} {[%emt 00:08:45]} cxb5 {[%clk
00:12:41]} {[%emt 00:00:06]} 33. Nc1 {[%clk 00:10:31]} {[%emt 00:00:10]} Nf4
{[%clk 00:10:19]} {[%emt 00:02:52]} 34. d4 {[%clk 00:10:27]} {[%emt 00:00:34]}
g5 {[%clk 00:10:30]} {[%emt 00:00:19]} 35. Nd3 {[%clk 00:02:04]} {[%emt
00:08:54]} Nxd3 {[%clk 00:06:59]} {[%emt 00:04:01]} 36. Rxd3 {[%clk 00:02:32]}
{[%emt 00:00:01]} Kg6 {[%clk 00:06:56]} {[%emt 00:00:33]} 37. Ke2 {[%clk
00:02:11]} {[%emt 00:00:51]} exd4 {[%clk 00:05:58]} {[%emt 00:01:28]} 38. f4
{[%clk 00:01:40]} {[%emt 00:01:01]} e5 {[%clk 00:02:00]} {[%emt 00:04:29]} 39.
fxg5 {[%clk 00:01:45]} {[%emt 00:00:25]} Be7 {[%clk 00:01:00]} {[%emt
00:01:29]} 40. Rf3 {[%emt 00:00:58]} Bxc5 {[%clk 00:00:43]} {[%emt 00:00:45]}
41. bxc5 {[%clk 00:01:47]} {[%emt 00:00:01]} Rc7 {[%clk 00:08:50]} {[%emt
00:22:24]} 42. Rf6+ {[%clk 00:31:26]} {[%emt 00:00:50]} Kg7 {[%clk 00:09:06]}
{[%emt 00:00:14]} 43. c6 {[%clk 00:25:09]} {[%emt 00:06:48]} Rdc8 {[%clk
00:08:35]} {[%emt 00:01:00]} 44. Re6 {[%clk 00:15:39]} {[%emt 00:09:59]} Rxc6
{[%clk 00:08:43]} {[%emt 00:00:23]} 45. Rxe5 {[%clk 00:15:29]} {[%emt
00:00:40]} Rc3 {[%clk 00:05:28]} {[%emt 00:03:45]} 46. g6 {[%clk 00:05:58]}
{[%emt 00:10:01]} Rxh3 {[%clk 00:03:49]} {[%emt 00:02:09]} 47. Re7+ {[%clk
00:02:27]} {[%emt 00:04:01]} Kg8 {[%clk 00:04:13]} {[%emt 00:00:06]} 48. g7
{[%clk 00:01:27]} {[%emt 00:01:30]} d3+ {[%clk 00:04:21]} {[%emt 00:00:22]} 49.
Kd1 {[%clk 00:01:56]} {[%emt 00:00:01]} Rh1+ {[%clk 00:03:58]} {[%emt
00:00:54]} 50. Kd2 {[%clk 00:02:22]} {[%emt 00:00:03]} Rd8 {[%clk 00:04:19]}
{[%emt 00:00:09]} 51. e5 {[%clk 00:01:00]} {[%emt 00:01:52]} Rh2+ {[%clk
00:04:36]} {[%emt 00:00:13]} 52. Kd1 {[%clk 00:01:29]} {[%emt 00:00:02]} d2
{[%clk 00:04:55]} {[%emt 00:00:11]} 53. Rg1 {[%clk 00:01:19]} {[%emt 00:00:40]}
Rc8 {[%clk 00:05:19]} {[%emt 00:00:06]} 54. Rg2 {[%clk 00:00:34]} {[%emt
00:01:15]} Rxg2 {[%clk 00:05:41]} {[%emt 00:00:09]} 0-1

[Event "DEM U16 2024"]
[Site "Willingen GER"]
[Date "2024.05.20"]
[Round "3"]
[White "Deschler, Arne"]
[Black "Göpfert, Gregor"]
[Result "1-0"]
[Termination "normal"]
[Board "12"]
[WhiteElo "1989"]
[BlackElo "1732"]
[WhiteClock "00:26:49"]
[BlackClock "00:00:56"]
[PlyCount "103"]
[WhiteFideId "16274415"]
[BlackFideId "34603964"]
[EventCountry "GER"]
[EventRounds "9"]
[EventType "swiss"]
[EventDate "2024.05.18"]

1. e4 {[%clk 01:30:59]} {[%emt 00:00:01]} e5 {[%clk 01:30:51]} {[%emt
00:00:09]} 2. Nf3 {[%clk 01:31:26]} {[%emt 00:00:03]} Nf6 {[%clk 01:31:15]}
{[%emt 00:00:06]} 3. Nc3 {[%clk 01:31:53]} {[%emt 00:00:03]} Nc6 {[%clk
01:31:19]} {[%emt 00:00:25]} 4. d4 {[%clk 01:32:21]} {[%emt 00:00:02]} exd4 5.
Nxd4 Nxe4 {[%clk 01:27:21]} {[%emt 00:02:24]} 6. Nxe4 {[%clk 01:31:34]} {[%emt
00:01:44]} Qe7 {[%clk 01:27:28]} {[%emt 00:00:22]} 7. f3 {[%clk 01:30:44]}
{[%emt 00:01:20]} d5 {[%clk 01:26:58]} {[%emt 00:01:01]} 8. Bb5 {[%clk
01:29:55]} {[%emt 00:01:18]} Bd7 {[%clk 01:26:32]} {[%emt 00:00:57]} 9. Bxc6
{[%clk 01:30:19]} {[%emt 00:00:06]} bxc6 {[%clk 01:26:15]} {[%emt 00:00:46]}
10. O-O {[%clk 01:29:01]} {[%emt 00:01:40]} dxe4 {[%clk 01:25:43]} {[%emt
00:01:11]} 11. Re1 {[%clk 01:29:22]} {[%emt 00:00:09]} O-O-O {[%clk 01:25:52]}
{[%emt 00:00:21]} 12. Rxe4 {[%clk 01:27:49]} {[%emt 00:02:04]} Qb4 {[%clk
01:25:22]} {[%emt 00:00:59]} 13. c3 {[%clk 01:17:14]} {[%emt 00:11:05]} Qb7
{[%clk 01:25:29]} {[%emt 00:00:23]} 14. Be3 {[%clk 01:08:12]} {[%emt 00:09:31]}
Bd6 {[%clk 01:25:23]} {[%emt 00:00:37]} 15. Nb3 {[%clk 01:07:20]} {[%emt
00:01:21]} Bf5 {[%clk 01:17:49]} {[%emt 00:08:03]} 16. Rd4 {[%clk 01:06:18]}
{[%emt 00:01:32]} Rhe8 {[%clk 01:14:23]} {[%emt 00:03:56]} 17. Bf2 {[%clk
01:04:14]} {[%emt 00:02:34]} Qa6 {[%clk 00:57:59]} {[%emt 00:16:54]} 18. Rd2
{[%clk 00:55:50]} {[%emt 00:08:55]} f6 {[%clk 00:45:20]} {[%emt 00:13:09]} 19.
Kh1 {[%clk 00:48:24]} {[%emt 00:07:55]} g5 {[%clk 00:34:48]} {[%emt 00:11:02]}
20. Qf1 {[%clk 00:48:08]} {[%emt 00:00:45]} Qxf1+ 21. Rxf1 {[%clk 00:48:37]}
Kb8 {[%clk 00:32:24]} {[%emt 00:01:18]} 22. Na5 {[%clk 00:47:39]} {[%emt
00:01:28]} Bd7 {[%clk 00:32:16]} {[%emt 00:00:41]} 23. Rfd1 {[%clk 00:47:32]}
{[%emt 00:00:35]} Re6 {[%clk 00:23:26]} {[%emt 00:09:20]} 24. a3 {[%clk
00:42:16]} {[%emt 00:05:46]} Rde8 {[%clk 00:20:15]} {[%emt 00:03:40]} 25. c4
{[%clk 00:39:50]} {[%emt 00:02:56]} c5 {[%clk 00:15:41]} {[%emt 00:05:04]} 26.
h3 {[%clk 00:24:29]} {[%emt 00:15:52]} Bc8 {[%clk 00:12:01]} {[%emt 00:04:10]}
27. Kg1 {[%clk 00:16:53]} {[%emt 00:08:05]} Bb7 {[%clk 00:06:49]} {[%emt
00:05:43]} 28. Kf1 {[%clk 00:16:13]} {[%emt 00:01:10]} f5 {[%clk 00:06:49]}
{[%emt 00:00:30]} 29. Rd3 {[%clk 00:16:07]} {[%emt 00:00:36]} Kc8 {[%clk
00:04:57]} {[%emt 00:02:22]} 30. Nxb7 {[%clk 00:13:30]} {[%emt 00:03:08]} Kxb7
{[%clk 00:05:17]} {[%emt 00:00:09]} 31. Re1 {[%clk 00:11:50]} {[%emt 00:02:09]}
Kc6 {[%clk 00:04:53]} {[%emt 00:00:54]} 32. Rxe6 {[%clk 00:10:08]} {[%emt
00:02:12]} Rxe6 {[%clk 00:05:18]} {[%emt 00:00:05]} 33. Rb3 {[%clk 00:07:26]}
{[%emt 00:03:12]} Re8 {[%clk 00:03:39]} {[%emt 00:02:09]} 34. Rb5 {[%clk
00:07:19]} {[%emt 00:00:37]} Bf8 {[%clk 00:01:51]} {[%emt 00:02:18]} 35. Be1
{[%clk 00:05:23]} {[%emt 00:02:26]} Bg7 {[%clk 00:01:19]} {[%emt 00:01:02]} 36.
Bf2 {[%clk 00:05:30]} {[%emt 00:00:23]} Bf8 {[%clk 00:01:41]} {[%emt 00:00:07]}
37. a4 {[%clk 00:05:24]} {[%emt 00:00:36]} a6 {[%clk 00:01:33]} {[%emt
00:00:38]} 38. Rb3 {[%clk 00:04:43]} {[%emt 00:01:11]} Bd6 {[%clk 00:01:00]}
{[%emt 00:01:03]} 39. Re3 {[%clk 00:03:55]} {[%emt 00:01:19]} Re5 {[%clk
00:00:36]} {[%emt 00:00:55]} 40. Ke2 {[%clk 00:03:57]} {[%emt 00:00:27]} Rxe3+
{[%emt 00:00:30]} 41. Bxe3 {[%clk 00:03:34]} {[%emt 00:00:52]} f4 {[%clk
00:22:16]} {[%emt 00:08:50]} 42. Bd2 {[%clk 00:33:40]} {[%emt 00:00:23]} Kd7
{[%clk 00:19:34]} {[%emt 00:03:12]} 43. Kd3 {[%clk 00:32:45]} {[%emt 00:01:25]}
Ke6 {[%clk 00:19:31]} {[%emt 00:00:34]} 44. Ke4 {[%clk 00:32:44]} {[%emt
00:00:31]} c6 {[%clk 00:14:37]} {[%emt 00:05:25]} 45. Bc3 {[%clk 00:32:08]}
{[%emt 00:01:05]} Bf8 {[%clk 00:06:10]} {[%emt 00:08:58]} 46. Ba5 {[%clk
00:25:49]} {[%emt 00:06:48]} Bg7 {[%clk 00:02:55]} {[%emt 00:03:45]} 47. Bb6
{[%clk 00:25:43]} {[%emt 00:00:36]} Bf8 {[%clk 00:01:47]} {[%emt 00:01:39]} 48.
Bd8 {[%clk 00:26:03]} {[%emt 00:00:09]} Bh6 {[%clk 00:01:05]} {[%emt 00:01:12]}
49. h4 {[%clk 00:25:53]} {[%emt 00:00:40]} gxh4 {[%clk 00:01:22]} {[%emt
00:00:13]} 50. Bxh4 {[%clk 00:26:02]} {[%emt 00:00:21]} Bg7 {[%clk 00:01:12]}
{[%emt 00:00:40]} 51. b3 {[%clk 00:26:27]} {[%emt 00:00:05]} Be5 {[%clk
00:00:56]} {[%emt 00:00:45]} 52. Bg5 {[%clk 00:26:49]} {[%emt 00:00:08]} 1-0